[Event "Stare Mesto op"]
[Site "Stare Mesto"]
[Date "2010.08.17"]
[Round "6"]
[White "Volcik, Ludek"]
[Black "Vilaisarn, Akkhavanh"]
[Result "1-0"]
[WhiteElo "1943"]
[BlackElo "2300"]
[PlyCount "83"]
[EventDate "2010.08.13"]
[EventType "swiss"]
[EventRounds "10"]
[EventCountry "CZE"]
[SourceTitle "CBM 138 Extra"]
[Source "ChessBase"]
[SourceDate "2010.10.29"]
[SourceVersion "1"]
[SourceVersionDate "2010.10.29"]
[SourceQuality "1"]

1. e4 e6 2. d4 d5 3. e5 c5 4. c3 Ne7 5. Nf3 Nec6 6. g3 Nd7 7. h4 Be7 8. Bh3 Nb6 9. b3 Bd7 10. Ba3 cxd4 11. Bxe7 Qxe7 12. cxd4 Rc8 13. 0-0 0-0 14. Qd2 Qb4 15. Qd3 f5 16. exf6 Rxf6 17. a3 Qe7 18. Ne5 Nxe5 19. dxe5 Rff8 20. Nc3 a6 21. a4 Be8 22. Ne2 Nd7 23. Qe3 Bf7 24. Rac1 Rc5 25. Rxc5 Nxc5 26. Rc1 Nd7 27. Rc7 Qd8 28. Qc3 b6 29. b4 d4 30. Nxd4 Nxe5 31. Nxe6 Qd1+ 32. Bf1 Nf3+ 33. Kg2 Ne1+ 34. Kg1 Nf3+ 35. Kg2 Nxh4+ 36. gxh4 Qd5+ 37. f3 Qxe6 38. Bxa6 Kh8 39. Rc8 Qg6+ 40. Kf2 Be8 41. Bc4 h6 42. Qd3 1-0

[Event "Stare Mesto op"]
[Site "Stare Mesto"]
[Date "2010.08.16"]
[Round "5"]
[White "Vilaisarn, Akkhavanh"]
[Black "Dvoulety, Pavel"]
[Result "0-1"]
[WhiteElo "2300"]
[BlackElo "2135"]
[PlyCount "99"]
[EventDate "2010.08.13"]
[EventType "swiss"]
[EventRounds "10"]
[EventCountry "CZE"]
[SourceTitle "CBM 138 Extra"]
[Source "ChessBase"]
[SourceDate "2010.10.29"]
[SourceVersion "1"]
[SourceVersionDate "2010.10.29"]
[SourceQuality "1"]

1. d4 d5 2. Bf4 Nf6 3. e3 e6 4. Nf3 Bd6 5. Bxd6 cxd6 6. c4 dxc4 7. Bxc4 0-0 8. 0-0 b6 9. Qe2 Bb7 10. Nc3 Qe7 11. Rfd1 Nbd7 12. Ba6 Bxa6 13. Qxa6 d5 14. a3 Nb8 15. Qb5 Qd6 16. Ne5 Rc8 17. Rac1 Nbd7 18. Nxd7 Nxd7 19. Qa6 Qc7 20. Ne2 Qd8 21. g3 Nf6 22. Nf4 Ne4 23. Nd3 Nd6 24. b3 f6 25. Kg2 Qd7 26. h3 Kf7 27. h4 Ke7 28. Nf4 Qb5 29. Qxb5 Nxb5 30. a4 Nd6 31. Nd3 Nb7 32. Rxc8 Rxc8 33. Rc1 Rxc1 34. Nxc1 Kd6 35. b4 b5 36. a5 Nd8 37. f4 Nc6 38. Nd3 e5 39. dxe5+ fxe5 40. fxe5+ Nxe5 41. Nc5 d4 42. exd4 Nc6 43. Kf3 Kd5 44. g4 Nxb4 45. g5 Nc6 46. Nd7 b4 47. Ke3 Nxd4 48. h5 b3 49. Nf6+ gxf6 50. gxf6 0-1

[Event "Stare Mesto op"]
[Site "Stare Mesto"]
[Date "2010.08.15"]
[Round "4"]
[White "Ludvicek, Josef"]
[Black "Vilaisarn, Akkhavanh"]
[Result "0-1"]
[WhiteElo "1975"]
[BlackElo "2300"]
[PlyCount "64"]
[EventDate "2010.08.13"]
[EventType "swiss"]
[EventRounds "10"]
[EventCountry "CZE"]
[SourceTitle "CBM 138 Extra"]
[Source "ChessBase"]
[SourceDate "2010.10.29"]
[SourceVersion "1"]
[SourceVersionDate "2010.10.29"]
[SourceQuality "1"]

1. e4 e6 2. f4 d5 3. exd5 exd5 4. d4 Nf6 5. Nf3 Be7 6. Bd3 0-0 7. 0-0 c5 8. Kh1 c4 9. Be2 Bd6 10. b3 cxb3 11. axb3 Nc6 12. Ne5 Bf5 13. Nxc6 bxc6 14. Ba3 Bxa3 15. Rxa3 Re8 16. Bf3 Qd6 17. g3 Be4 18. Ra6 Bxf3+ 19. Rxf3 Re7 20. Rf1 Rae8 21. Nd2 Qd7 22. Nf3 Ne4 23. Kg2 Nc3 24. Qa1 Re2+ 25. Rf2 Rxf2+ 26. Kxf2 Re2+ 27. Kg1 Nb5 28. c4 Qe6 29. Qc1 dxc4 30. bxc4 Qe4 31. Qf1 Nxd4 32. Ra1 Nxf3+ 0-1

[Event "Corsica-chT"]
[Site "Ponte Leccia"]
[Date "2010.05.16"]
[Round "3"]
[White "Vilaisarn, Akkhavanh"]
[Black "Battesti, Saveriu"]
[Result "1-0"]
[WhiteElo "2291"]
[BlackElo "1972"]
[PlyCount "59"]
[EventDate "2010.03.28"]
[EventType "team-tourn"]
[EventRounds "9"]
[EventCountry "FRA"]
[SourceTitle "EXT 2012"]
[Source "ChessBase"]
[SourceDate "2011.11.24"]
[SourceVersion "1"]
[SourceVersionDate "2011.11.24"]
[SourceQuality "1"]

1. d4 Nf6 2. c4 g6 3. Nc3 Bg7 4. e4 d6 5. Nge2 0-0 6. Ng3 e5 7. d5 Nbd7 8. Be2 a5 9. h4 Nc5 10. h5 c6 11. Bg5 h6 12. Be3 g5 13. Qd2 Nfxe4 14. Ngxe4 Nxe4 15. Nxe4 f5 16. dxc6 fxe4 17. Qd5+ Rf7 18. c5 bxc6 19. Qxc6 Bb7 20. Qxd6 Qxd6 21. cxd6 Bd5 22. 0-0 Rb7 23. b3 Rd8 24. Rfd1 Be6 25. Rac1 Rdd7 26. Ba6 Rb8 27. Bc8 Kf7 28. Bxd7 Bxd7 29. Rc7 Ke6 30. Ra7 1-0

[Event "Fiera di u Vinu op"]
[Site "Luri"]
[Date "2009.07.05"]
[Round "6"]
[White "Humeau, Cyril"]
[Black "Vilaisarn, Akkhavanh"]
[Result "0-1"]
[WhiteElo "2177"]
[BlackElo "2303"]
[PlyCount "72"]
[EventDate "2009.07.05"]
[EventType "swiss (rapid)"]
[EventRounds "9"]
[EventCountry "FRA"]
[SourceTitle "EXT 2010"]
[Source "ChessBase"]
[SourceDate "2010.11.25"]
[SourceVersion "1"]
[SourceVersionDate "2010.11.25"]
[SourceQuality "1"]

1. e4 c5 2. Nc3 Nc6 3. g3 d6 4. Bg2 g6 5. d3 Bg7 6. Be3 e6 7. Qd2 Rb8 8. Nge2 Nd4 9. h4 h5 10. 0-0 Ne7 11. Bg5 0-0 12. Nxd4 cxd4 13. Ne2 f6 14. Bh6 e5 15. Bxg7 Kxg7 16. c4 Be6 17. f4 Qd7 18. b4 b5 19. cxb5 Qxb5 20. a3 Rfc8 21. Rfc1 Bd7 22. fxe5 dxe5 23. Rxc8 Rxc8 24. Rc1 Rxc1+ 25. Nxc1 Qa6 26. Qb2 Nc8 27. Bf3 Nd6 28. Bd1 Nb5 29. a4 Nc3 30. Bb3 Bxa4 31. Qa1 Bb5 32. Qxa6 Bxa6 33. Kf2 f5 34. exf5 gxf5 35. Ke1 Kf6 36. Kd2 e4 0-1

[Event "Ouest Toulousain op-A 4th"]
[Site "Tournefeuille"]
[Date "2009.02.19"]
[Round "5"]
[White "Epure, Catalin Alexandru"]
[Black "Vilaisarn, Akkhavanh"]
[Result "0-1"]
[WhiteElo "2145"]
[BlackElo "2253"]
[PlyCount "58"]
[EventDate "2009.02.16"]
[EventType "swiss"]
[EventRounds "9"]
[EventCountry "FRA"]
[SourceTitle "CBM 128 Extra"]
[Source "ChessBase"]
[SourceDate "2009.03.05"]
[SourceVersion "2"]
[SourceVersionDate "2009.03.25"]
[SourceQuality "1"]

1. e4 e6 2. d4 d5 3. Nc3 Nf6 4. Bg5 Be7 5. e5 Nfd7 6. h4 c5 7. Bxe7 Kxe7 8. Qd2 Nc6 9. Qg5+ Kf8 10. Qxd8+ Nxd8 11. Nb5 a6 12. Nd6 cxd4 13. f4 Nc6 14. Nf3 f6 15. 0-0-0 fxe5 16. fxe5 Ndxe5 17. Nxe5 Nxe5 18. Re1 Nc6 19. Nxc8 Rxc8 20. Rxe6 Kf7 21. Rd6 Nb4 22. Rd7+ Kf6 23. Rxb7 Rxc2+ 24. Kb1 Rhc8 25. Rb6+ Ke5 26. Bxa6 Nxa6 27. Rxa6 d3 28. Re1+ Kd4 29. Ra4+ R8c4 0-1

[Event "Ouest Toulousain op-A 4th"]
[Site "Tournefeuille"]
[Date "2009.02.18"]
[Round "4"]
[White "Vilaisarn, Akkhavanh"]
[Black "Robin, Samy"]
[Result "1/2-1/2"]
[WhiteElo "2253"]
[BlackElo "2369"]
[PlyCount "95"]
[EventDate "2009.02.16"]
[EventType "swiss"]
[EventRounds "9"]
[EventCountry "FRA"]
[SourceTitle "CBM 128 Extra"]
[Source "ChessBase"]
[SourceDate "2009.03.05"]
[SourceVersion "2"]
[SourceVersionDate "2009.03.25"]
[SourceQuality "1"]

1. Nf3 Nf6 2. c4 g6 3. Nc3 Bg7 4. d4 d6 5. e4 0-0 6. Be2 e5 7. 0-0 Nc6 8. d5 Ne7 9. Ne1 Ne8 10. Kh1 f5 11. exf5 Nxf5 12. Nc2 c5 13. dxc6 bxc6 14. Bf3 Bb7 15. Ne4 Qe7 16. Bg5 Qf7 17. Qe2 h6 18. Bd2 Nf6 19. Nxf6+ Qxf6 20. Bg4 g5 21. Bxf5 Qxf5 22. Ne3 Qe6 23. Qg4 Qg6 24. Rad1 d5 25. Bb4 Rf4 26. Qd7 Rf7 27. Qd6 Qxd6 28. Bxd6 Rd8 29. Bc5 d4 30. Kg1 Bc8 31. f3 h5 32. Rfe1 g4 33. fxg4 hxg4 34. Nf1 Bf5 35. Ng3 Bc2 36. Rd2 Bg6 37. Ne4 Rf4 38. Ng5 Re8 39. g3 Rf6 40. Ne4 Rf3 41. Rf2 Re3 42. Nf6+ Bxf6 43. Rxe3 Bg5 44. Re1 Kg7 45. Bxa7 Bf6 46. Ref1 Bg5 47. Re1 Bf6 48. Ref1 1/2-1/2

[Event "Corsica-ch"]
[Site "Bastia"]
[Date "2007.06.02"]
[Round "1.2"]
[White "Gil, Ludovic"]
[Black "Vilaisarn, Akkhavanh"]
[Result "0-1"]
[WhiteElo "1836"]
[BlackElo "2205"]
[PlyCount "62"]
[EventDate "2007.06.02"]
[EventType "k.o."]
[EventRounds "4"]
[EventCountry "FRA"]
[SourceTitle "CBM 119 Extra"]
[Source "ChessBase"]
[SourceDate "2007.09.04"]
[SourceVersion "1"]
[SourceVersionDate "2007.09.04"]
[SourceQuality "1"]

1. Nf3 Nf6 2. g3 d5 3. d4 c5 4. Bg2 cxd4 5. 0-0 h6 6. b3 Bg4 7. Nxd4 e5 8. Nf3 Nc6 9. Bb2 Bd6 10. Nbd2 0-0 11. c4 d4 12. Qc2 Rc8 13. a3 Qd7 14. Ne4 Nxe4 15. Qxe4 Bf5 16. Qd5 Ne7 17. Nxe5 Bxe5 18. Qxe5 Rfd8 19. e3 Nc6 20. Bxc6 bxc6 21. Bxd4 f6 22. Qc5 Bd3 23. Rfc1 Qg4 24. h4 Qh3 25. Rf1 Be4 26. f3 Qxg3+ 27. Kh1 Bxf3+ 28. Rxf3 Qxf3+ 29. Kh2 Re8 30. Bxf6 Rxe3 31. Qxa7 Re2+ 0-1

[Event "Corsica-ch"]
[Site "Bastia"]
[Date "2007.06.02"]
[Round "1.1"]
[White "Vilaisarn, Akkhavanh"]
[Black "Gil, Ludovic"]
[Result "1-0"]
[WhiteElo "2205"]
[BlackElo "1836"]
[PlyCount "73"]
[EventDate "2007.06.02"]
[EventType "k.o."]
[EventRounds "4"]
[EventCountry "FRA"]
[SourceTitle "CBM 119 Extra"]
[Source "ChessBase"]
[SourceDate "2007.09.04"]
[SourceVersion "1"]
[SourceVersionDate "2007.09.04"]
[SourceQuality "1"]

1. d4 d5 2. Bf4 e6 3. e3 Nf6 4. Nf3 Bd6 5. Ne5 0-0 6. Nd2 Nbd7 7. Bd3 c5 8. c3 c4 9. Bc2 Qc7 10. Ndf3 b5 11. Qb1 a5 12. a3 Bb7 13. Nxd7 Qxd7 14. Ne5 Qc7 15. g4 Qe7 16. Bg5 h6 17. Bxf6 Qxf6 18. Nd7 Qf3 19. Rg1 Bxh2 20. Bd1 Qh3 21. Rh1 Qg2 22. Bf3 Qxf3 23. Rxh2 Qxg4 24. Kf1 f5 25. Nxf8 Rxf8 26. Qd1 Qxd1+ 27. Rxd1 Kh7 28. Ke2 a4 29. Rg1 g5 30. Rxg5 Bc6 31. Rg3 Be8 32. Kf3 h5 33. Kf4 Rg8 34. Rxg8 Kxg8 35. Ke5 Bf7 36. Kf6 Kf8 37. Rg2 1-0

[Event "Corsica-chT"]
[Site "Porticcio"]
[Date "2007.04.01"]
[Round "4.2"]
[White "Massoni, Michael"]
[Black "Vilaisarn, Akkhavanh"]
[Result "0-1"]
[WhiteElo "2055"]
[BlackElo "2205"]
[PlyCount "56"]
[EventDate "2007.03.07"]
[EventType "team"]
[EventRounds "9"]
[EventCountry "FRA"]
[SourceTitle "CBM 117 Extra"]
[Source "ChessBase"]
[SourceDate "2007.05.09"]
[SourceVersion "1"]
[SourceVersionDate "2007.05.09"]
[SourceQuality "1"]
[WhiteTeam "Corsica CC Dream Team"]
[BlackTeam "Balagna CC"]
[WhiteTeamCountry "FRA"]
[BlackTeamCountry "FRA"]

1. e4 e6 2. d4 d5 3. Nc3 Nf6 4. Bg5 Be7 5. e5 Nfd7 6. h4 c5 7. Nb5 f6 8. Bf4 fxe5 9. dxe5 0-0 10. Nh3 Nc6 11. Qd2 a6 12. Nc3 Ndxe5 13. 0-0-0 b5 14. Bxe5 Nxe5 15. f4 Nc4 16. Bxc4 bxc4 17. Qe2 Bf6 18. Ne4 Rb8 19. c3 Qa5 20. Nxf6+ gxf6 21. a3 Rf7 22. f5 Rfb7 23. Qh5 Bd7 24. Ng5 Be8 25. Qh6 fxg5 26. f6 d4 27. Qxg5+ Bg6 28. Rxd4 Rxb2 0-1

[Event "Bastiais Master 5th"]
[Site "Bastia"]
[Date "2007.03.??"]
[Round "?"]
[White "Vilaisarn, Akkhavanh"]
[Black "Humeau, Cyril"]
[Result "1-0"]
[WhiteElo "2205"]
[BlackElo "2162"]
[PlyCount "61"]
[EventDate "2007.03.??"]
[EventType "swiss"]
[EventRounds "9"]
[EventCountry "FRA"]
[SourceTitle "CBM 117 Extra"]
[Source "ChessBase"]
[SourceDate "2007.05.09"]
[SourceVersion "1"]
[SourceVersionDate "2007.05.09"]
[SourceQuality "1"]

1. d4 Nf6 2. c4 e6 3. Nc3 Bb4 4. Qc2 0-0 5. a3 Bxc3+ 6. Qxc3 b5 7. cxb5 c6 8. Qd3 d5 9. Bg5 cxb5 10. Nf3 a5 11. e3 Ba6 12. b4 axb4 13. axb4 Nc6 14. Rb1 Nxb4 15. Rxb4 Qa5 16. Qb1 Ne4 17. Bd3 Nc3 18. Qb2 Na2 19. Be7 Rfe8 20. Bb1 Bc8 21. Ne5 Nxb4 22. Bxb4 Qa1 23. Qc2 g6 24. 0-0 Qa4 25. Qc7 Ra7 26. Qd6 Ra6 27. Qc5 Ra7 28. Ng4 Kg7 29. Qd6 f6 30. Qf4 Rf7 31. Bxg6 1-0

[Event "Bastiais Master 4th"]
[Site "Bastia"]
[Date "2006.11.??"]
[Round "?"]
[White "Humeau, Cyril"]
[Black "Vilaisarn, Akkhavanh"]
[Result "1/2-1/2"]
[WhiteElo "2142"]
[BlackElo "2204"]
[PlyCount "117"]
[EventDate "2006.11.??"]
[EventType "swiss"]
[EventRounds "9"]
[EventCountry "FRA"]
[SourceTitle "CBM 115 Extra"]
[Source "ChessBase"]
[SourceDate "2007.01.10"]
[SourceVersion "1"]
[SourceVersionDate "2007.01.10"]
[SourceQuality "1"]

1. g4 d5 2. Bg2 Bxg4 3. c4 c6 4. Qb3 Qb6 5. Qxb6 axb6 6. cxd5 Nf6 7. Nc3 e5 8. dxe6 Bxe6 9. Nf3 Nbd7 10. 0-0 Bd6 11. Nd4 Bg4 12. h3 Be6 13. d3 Ke7 14. Nxe6 fxe6 15. Ne4 Nxe4 16. Bxe4 Be5 17. Rd1 Kf7 18. d4 Bc7 19. a3 Nf6 20. Bf3 b5 21. Bg5 h6 22. Bxf6 gxf6 23. Rac1 Rhd8 24. e3 Ke7 25. Kf1 Bd6 26. Be2 f5 27. f4 b4 28. axb4 Bxb4 29. Ra1 Kd7 30. Rxa8 Rxa8 31. Bc4 Ke7 32. Kf2 Kf6 33. Bb3 Be7 34. Rg1 Ra6 35. Rc1 Rb6 36. Rc3 Bf8 37. Kf3 Ke7 38. Ke2 Bg7 39. Rd3 Bf6 40. Kd1 Ra6 41. Ke2 Bh4 42. Rd1 Rb6 43. Rd3 Kd6 44. Rc3 Kd7 45. Rd3 Bf6 46. Kf3 Be7 47. Ke2 Bf6 48. Kf3 Ke7 49. Ke2 Bg7 50. Kf2 Kf6 51. Rc3 Bf8 52. Kf3 Bb4 53. Rd3 Be1 54. Ke2 Bh4 55. Rc3 Kg6 56. Rd3 Kf6 57. Rc3 Ra6 58. Rc1 Rb6 59. Rc3 1/2-1/2

[Event "FRA-ch Accession"]
[Site "Besancon"]
[Date "2006.08.23"]
[Round "8"]
[White "Vilaisarn, Akkhavanh"]
[Black "Marie, Maxime"]
[Result "0-1"]
[WhiteElo "2190"]
[BlackElo "2165"]
[PlyCount "88"]
[EventDate "2006.08.15"]
[EventType "swiss"]
[EventRounds "10"]
[EventCountry "FRA"]
[SourceTitle "CBM 113 Extra"]
[Source "ChessBase"]
[SourceDate "2006.09.14"]
[SourceVersion "1"]
[SourceVersionDate "2006.09.14"]
[SourceQuality "1"]

1. g3 Nf6 2. Bg2 g6 3. c4 Bg7 4. Nc3 0-0 5. e4 e5 6. Nge2 Nc6 7. 0-0 d6 8. f4 Re8 9. d3 Nd4 10. Nxd4 exd4 11. Ne2 c5 12. h3 Rb8 13. g4 h5 14. f5 hxg4 15. Bg5 gxf5 16. Ng3 Re5 17. exf5 b5 18. cxb5 Rxb5 19. Rb1 gxh3 20. Bxh3 Qb6 21. Bxf6 Bxf6 22. Nh5 d5 23. Qg4+ Kf8 24. Qf4 Re3 25. Rfe1 Be5 26. Qh4 c4 27. Kh1 c3 28. b3 Qd6 29. Rxe3 dxe3 30. d4 Rb4 31. Qg5 c2 32. Rg1 Rxd4 33. Qg8+ Ke7 34. Qxc8 Rh4 35. Qb7+ Qc7 36. f6+ Kd6 37. Qa6+ Kc5 38. b4+ Kd4 39. Rc1 Rxh3+ 40. Kg2 Rh2+ 41. Kf3 Rxh5 42. Qa3 Rf5+ 43. Kg4 Rf4+ 44. Kh5 Bxf6 0-1

[Event "Pic d'Anie op 3rd"]
[Site "Pic d'Anie"]
[Date "2006.08.09"]
[Round "3"]
[White "Andonov, Bogomil"]
[Black "Vilaisarn, Akkhavanh"]
[Result "1-0"]
[WhiteElo "2391"]
[BlackElo "2190"]
[PlyCount "91"]
[EventDate "2006.08.07"]
[EventType "swiss"]
[EventRounds "7"]
[EventCountry "FRA"]
[SourceTitle "CBM 113 Extra"]
[Source "ChessBase"]
[SourceDate "2006.09.14"]
[SourceVersion "1"]
[SourceVersionDate "2006.09.14"]
[SourceQuality "1"]

1. d4 d5 2. Nf3 Nf6 3. e3 Bg4 4. h3 Bh5 5. c4 dxc4 6. g4 Bg6 7. Ne5 e6 8. Nxg6 hxg6 9. Bxc4 Nbd7 10. Nc3 Bb4 11. Qf3 c6 12. a3 Bxc3+ 13. bxc3 Nd5 14. e4 Qf6 15. Qxf6 N5xf6 16. f3 e5 17. Be3 exd4 18. cxd4 c5 19. dxc5 Ne5 20. Be2 0-0-0 21. Kf2 Nd3+ 22. Kg2 Ne5 23. Rhd1 Nc6 24. Rxd8+ Rxd8 25. Rd1 Rxd1 26. Bxd1 Kd7 27. Bb3 Ke8 28. Kf2 Nd7 29. f4 Ke7 30. Ke2 Nf8 31. Kd3 Ne6 32. Kc3 Nc7 33. Bc4 f6 34. h4 Ne6 35. f5 gxf5 36. exf5 Nf8 37. Bf4 Nd7 38. Bd6+ Ke8 39. Bb5 Kf7 40. Bxc6 bxc6 41. Kd4 Kg8 42. Ke4 Kf7 43. g5 g6 44. Kf4 Kg7 45. fxg6 Kxg6 46. Kg4 1-0

[Event "Corsica-ch"]
[Site "Bastia"]
[Date "2006.05.06"]
[Round "1.2"]
[White "Geronimi, Didier"]
[Black "Vilaisarn, Akkhavanh"]
[Result "0-1"]
[WhiteElo "1530"]
[BlackElo "2208"]
[PlyCount "68"]
[EventDate "2006.05.03"]
[EventType "k.o."]
[EventRounds "4"]
[EventCountry "FRA"]
[SourceTitle "EXT 2007"]
[Source "ChessBase"]
[SourceDate "2006.11.23"]
[SourceVersion "1"]
[SourceVersionDate "2006.11.23"]
[SourceQuality "1"]

1. e4 e5 2. Bc4 Nc6 3. Nf3 Nf6 4. Ng5 d5 5. exd5 Nd4 6. c3 b5 7. cxd4 bxc4 8. Qa4+ Nd7 9. Qc6 Qxg5 10. Qxa8 Nb6 11. Qc6+ Kd8 12. d6 Bxd6 13. 0-0 exd4 14. d3 Qh5 15. f4 cxd3 16. Qf3 Bg4 17. Qg3 Re8 18. Bd2 Nd5 19. Na3 Re3 20. Bxe3 dxe3 21. Nc4 d2 22. Nxd6 cxd6 23. f5 Kd7 24. Rf4 e2 25. Rd4 d1Q+ 26. Raxd1 exd1Q+ 27. Rxd1 Bxd1 28. Qd3 Qe2 29. Qxe2 Bxe2 30. h3 Bd3 31. g4 h5 32. Kf2 hxg4 33. hxg4 Be4 34. Kg3 f6 0-1